000 01081nmc a2200373 a 4500
003 AR-BaBNM
005 20251128204216.0
008 011101s1993 ||||||||||||||000 | spa||
020 _a950-507-337-2
040 _cAR-BaBNM
100 1 _aFernández, Blanca del Pilar
245 1 0 _aAula taller
_bsinónimo de hombre abierto
250 _a2ª ed.
260 _aBuenos Aires
_bBonum
_c1993
300 0 _a72 p.
_bil., gráfs.
490 0 _aColección Educación y creatividad
504 _aBibliografía sumaria p. 72
650 4 _aAPRENDIZAJE
650 4 _aTALLERES ESCOLARES
650 4 _aTALLERES [METODO PEDAGOGICO]
650 4 _aACTIVIDADES DE APRENDIZAJE
650 4 _aACTIVIDADES DE LA CLASE
650 4 _aGRUPOS
650 4 _aDINAMICA DE GRUPO
650 4 _aACTIVIDADES EN GRUPO
650 4 _aACTIVIDADES ESCOLARES
650 4 _aEVALUACION DE UN PROCESO EXPERIMENTAL
650 4 _aRECURSOS EDUCACIONALES
650 4 _aCREATIVIDAD
650 4 _aPARTICIPACION DE LA CLASE
800 1 _aTerrani, Lucía
_edirector
942 _cBK
998 _cCarmen
999 _c6603
_d6603